|
|
|
|
| LEADER |
00639nam a22001937a 4500 |
| 008 |
160602b xxu||||| |||| 00| 0 mal d |
| 020 |
|
|
|a 9789382934288
|c INR
|
| 082 |
|
|
|a 856.3 V1
|
| 100 |
|
|
|a Vasudevan Nair, M.T.
|
| 245 |
|
|
|a Sambhashanangal /
|c by V.R. Sudheesh
|
| 250 |
|
|
|a 2nd ed.
|
| 260 |
|
|
|a Calicut :
|b Olive,
|c 2013.
|
| 300 |
|
|
|a 82 p. ;
|
| 650 |
|
|
|v Interviews
|x Malayalam
|
| 700 |
|
|
|a Sudheesh, V.R.
|e Interview
|
| 942 |
|
|
|c BK
|
| 546 |
|
|
|a In malayalam
|
| 999 |
|
|
|c 285402
|d 285402
|
| 952 |
|
|
|0 0
|1 0
|4 0
|6 856_300000000000000_V1_SAM
|7 0
|9 323863
|a FLK
|b FLK
|c ST1
|d 2016-06-02
|e BK
|g 65.00
|i 5101
|l 0
|o 856.3 V1 SAM
|p FLK5101
|r 2016-06-02
|w 2016-06-02
|y BK
|